| 000 | 00490nam a22001697a 4500 | ||
|---|---|---|---|
| 999 |
_c160658 _d160658 |
||
| 005 | 20190207131749.0 | ||
| 010 | _aA-978694 | ||
| 020 |
_a8125906223 _c35.00 |
||
| 035 | _aA-978694 | ||
| 037 | _bVikas Publishing House Pvt. Ltd. | ||
| 082 | _aS | ||
| 100 | _aDhody, Chandan Lal | ||
| 245 |
_aFootprints: _bTimeless tales retold for childern / _cChandan Lal Dhody |
||
| 260 |
_aNew Delhi _bVikas Publishing House Pvt. Ltd. _c1998 |
||
| 300 |
_a79p. _c20cm(pbk) |
||
| 942 |
_2ddc _cEN _hS _mDHO |
||